| 000 | 00342nam a2200133Ia 4500 | ||
|---|---|---|---|
| 008 | 220217s9999||||xx |||||||||||||| ||und|| | ||
| 020 | _a81-8147-997-1 | ||
| 082 | _a004.165 NOE | ||
| 100 | _aNoergaard, Tammy | ||
| 245 | 0 | _aEmbedded systems architecture | |
| 260 |
_aElsevier _bOxford _c2005 |
||
| 300 | _b0 | ||
| 650 | _aMICROPROCESSOR | ||
| 999 |
_c174618 _d174618 |
||